| 000 | 00789nam a2200253Ia 4500 | ||
|---|---|---|---|
| 003 | OSt | ||
| 005 | 20221005060127.0 | ||
| 006 | a|||||r|||| 00| 0 | ||
| 007 | ta | ||
| 008 | 221004b |||||||| |||| 00| 0 eng d | ||
| 020 |
_a0 9535697 2 1 (pbk) _c590.17 |
||
| 024 | _a116687 | ||
| 037 |
_b968, 25/01/2012, Bhagwati Book Seller _cTextual |
||
| 040 |
_aCRL _cCRL _beng |
||
| 041 |
_2eng _aeng |
||
| 082 | _aO111,1M65x, Q1 | ||
| 100 |
_aPearce Donald R. Ed. _9599376 |
||
| 245 | 0 | _aSenate speeches of W.B. Yeats | |
| 260 |
_aLondon _bPrendeville Publishing Uk _c2001 |
||
| 300 |
_axxiv, 168p. _ccm. |
||
| 650 | _aENGLISH LITERATURE | ||
| 942 |
_hO111,1M65x, Q1 _cTEXL _2cc |
||
| 999 |
_c966198 _d966198 |
||